000 00565nam a2200193Ia 4500
008 230125s9999 xx 000 0 und d
020 _a1-84112-359-5
041 _aeng
082 _a658.4092
_bKIP
100 _aKippenberger T
_9110853
245 _aLeadership Express
260 _c2002
_bCapstone publication
_aLondon
300 _a120p
440 _aEssential Management Thinking At Your Fingertips Series
_9107434
500 _aLeadership;Series Book;Leading Series Book
700 _aKippenberger T
_9110853
906 _b24
999 _c87718
_d87718